Statistieken voor Pakistan Trivia Quiz

Klik hier om de quiz te nemen!

Algemene statistieken

  • Deze quiz is 104 keer genomen
  • De gemiddelde score is 13 van 22

Antwoordstatistieken

HintAntwoord% Correct
HoofdstadIslamabad
97%
Meest populaire sportCricket
90%
Enige land met meer moslims
dan Pakistan
Indonesië
85%
Land voormalig bekend als Oost PakistanBangladesh
83%
Op één na hoogste berg ter wereld,
op de grens met China
K2
82%
Twee objecten die op de vlag te zien zijnSter
80%
Officiële talenEngels
78%
Twee meest bevolkte stedenKarachi
75%
Pakistan grenst deze zeeArabische Zee
70%
Langste rivier - de locatie van
een oude beschaving
Indus
63%
Twee meest bevolkte stedenLahore
63%
Officiële talenUrdu
62%
Twee objecten die op de vlag te zien zijnHalve maan
60%
Pakistan's nationael dier is de markhoor,
een soort...
Geit
50%
Meest gesproken talenPasjtoe
50%
Nationale sportHockey
48%
Meest voorkomende achternaam
(Hint: begint met een K)
Khan
45%
Enige vrouwelijke premierBenazir Bhutto
43%
Meest gesproken talenPunjabi
38%
Stad, beginnend met een Q, dat
de hoofdstad is van Beloetsjistan
Quetta
32%
De oprichter van PakistanMuhammad Ali
Jinnah
25%
Nationale bloem (Hint: het is wit)Jasmijn
23%

Scoreverdeling

Percentiel versus Aantal Correcte Antwoorden

Procent van Mensen met Elke Score

Uw Scoregeschiedenis

U heeft deze quiz nog niet genomen